000 00564nam a22001937a 4500
003 BUBTL
008 221011b ||||| |||| 00| 0 eng d
082 _2320.942/ H139c/ 2015
100 _93017
_aHalim, Md. Abdul
245 _aThe Modern British Constitution : Theory and Practice /
_bMd. Abdul Halim
250 _a6th Edn
260 _aDhaka
_bCCB Foundation
_cc2015
300 _a350p. :
_b21 cm
650 0 _926
_aLaw
700 _93017
_aHalim, Md. Abdul
856 _k0
_l0
_yDownload
942 _2ddc
_cBK
999 _c6756
_d6756